| Поле | Инд. | ПП | Название | Значение |
|---|---|---|---|---|
| Тип записи | a | |||
| Библиографический уровень | a | |||
| 001 | Контрольный номер | 2d4aa03109594dd39a6abad068a43a3d | ||
| 005 | Дата корректировки | 20181120134522.1 | ||
| 100 | a | Данные общей обработки | 20180905 ||| 0rusy0189 ca | |
| 101 | 0_ | a | Язык текста | rus |
| 102 | a | Страна публикации | RU | |
| 200 | 1_ | f | Первые сведения об ответственности | Н.В. Омелехина |
| a | Заглавие | Финансовые риски регионального местного уровня: правовая идентификация и видовое разнообразие | ||
| 210 | d | Дата издания | 2018 | |
| 461 | _0 | 1 | 2000 | |
| a | Финансовое право | |||
| 463 | _0 | 1 | 2000 | |
| a | №6 | |||
| v | С. 11-17 | |||
| 1 | 2101 | |||
| d | 2018 | |||
| 1 | 001fefe68c30a1245b38737ec217bf4d574 | |||
| 606 | a | Основная рубрика | Финансовое право | |
| 610 | 0_ | a | Ключевые слова | СУБЪЕКТЫ РФ |
| a | Ключевые слова | РЕГИОНЫ | ||
| a | Ключевые слова | РИСКИ | ||
| a | Ключевые слова | ФИНАНСЫ | ||
| a | Ключевые слова | БЕЗОПАСНОСТЬ ЭКОНОМИЧЕСКАЯ | ||
| 700 | _1 | a | Фамилия | Омелехина |
| b | Имя | Н.В. | ||
| 801 | _0 | a | Страна | RU |
| b | Организация | РГУП | ||
| c | Дата составления | 20180905 | ||
| g | Правила каталогизации | PSBO | ||
| 801 | _1 | a | Страна | RU |
| b | Организация | РГУП | ||
| c | Дата составления | 20180905 | ||
| g | Правила каталогизации | PSBO | ||
| 901 | t | Тип документа | b | |
| w | Контрольный № источника | fefe68c30a1245b38737ec217bf4d574 | ||
| 905 | a | Дата ввода | 20180905 |